রসায়ন দ্বিতীয় পত্র একাদশ-দ্বাদশ শ্রেণী / (Record no. 5610)
[ view plain ]
| 000 -LEADER | |
|---|---|
| fixed length control field | 00833nam a22002297a 4500 |
| 001 - CONTROL NUMBER | |
| JCCL Control Number | 5610 |
| 003 - CONTROL NUMBER IDENTIFIER | |
| JCCL marc code | BD-JhCC |
| 005 - DATE AND TIME OF LATEST TRANSACTION | |
| control field | 20221124134023.0 |
| 008 - FIXED-LENGTH DATA ELEMENTS--GENERAL INFORMATION | |
| fixed length control field | 171218s2014 bg a|||| ||a| 000 0 ben d |
| 035 ## - SYSTEM CONTROL NUMBER | |
| system control number | (BD-JhCC)5610 |
| 040 ## - CATALOGING SOURCE | |
| Original cataloging agency | BD-JhCC |
| Modifying agency | BD-JhCC |
| 041 ## - LANGUAGE CODE | |
| Language code of Book | ben |
| 082 ## - DEWEY DECIMAL CLASSIFICATION NUMBER | |
| Classification number | 540 |
| Author mark and Year | HAZ 2014 |
| 100 ## - MAIN ENTRY--PERSONAL NAME | |
| Personal name | হাজারী, সরোজ কান্তি সিংহ |
| 245 ## - TITLE STATEMENT | |
| Title | রসায়ন দ্বিতীয় পত্র একাদশ-দ্বাদশ শ্রেণী / |
| Statement of responsibility, etc | সরোজ কান্তি সিংহ হাজারী; হারাধন নাগ |
| 260 ## - PUBLICATION, DISTRIBUTION, ETC. (IMPRINT) | |
| Place of publication, distribution, etc | ঢাকা : |
| Name of publisher, distributor, etc | হাসান বুক হাউস, |
| Date of publication, distribution, etc | 2014. |
| 300 ## - PHYSICAL DESCRIPTION | |
| Pagination | 275 p. : |
| Dimensions | 24 cm. |
| Other physical details | illu; |
| 650 ## - SUBJECT ADDED ENTRY--TOPICAL TERM | |
| Topical term or geographic name as entry element | Chemistry |
| 700 ## - ADDED ENTRY--PERSONAL NAME | |
| Personal name | নাগ, হারাধন |
| 942 ## - ADDED ENTRY ELEMENTS (KOHA) | |
| Source of classification or shelving scheme | Dewey Decimal Classification |
| Koha item type | Books |
| Koha issues (borrowed), all copies | 20 |
| Source of classification or shelving scheme | Damaged status | Not for loan | Home library | Current library | Shelving location | Date of accession | Cost, normal purchase price | Total Checkouts | Full call number | Barcode | Date last seen | Date checked out | Copy number | Koha item type | Checked out | Total Renewals |
|---|---|---|---|---|---|---|---|---|---|---|---|---|---|---|---|---|
| Dewey Decimal Classification | JCC Rouf Library | JCC Rouf Library | General Stacks | 12/18/2017 | 116.00 | 1 | 540 HAZ 2014 | 7624 | 02/08/2024 | 02/04/2024 | C-1 | Books | ||||
| Dewey Decimal Classification | JCC Rouf Library | JCC Rouf Library | General Stacks | 12/20/2017 | 116.00 | 3 | 540 HAZ 2014 | 8008 | 08/22/2024 | 07/07/2024 | C-2 | Books | ||||
| Dewey Decimal Classification | JCC Rouf Library | JCC Rouf Library | General Stacks | 04/09/2019 | 116.00 | 1 | 540 HAZ 2015 | 14706 | 06/29/2025 | 04/14/2020 | C-3 | Books | ||||
| Dewey Decimal Classification | JCC Rouf Library | JCC Rouf Library | General Stacks | 08/28/2019 | 286.00 | 2 | 540 HAZ 2014 | 15581 | 03/10/2020 | 03/10/2020 | C-4 | Books | 03/29/2020 | |||
| Dewey Decimal Classification | JCC Rouf Library | JCC Rouf Library | General Stacks | 08/28/2019 | 286.00 | 10 | 540 HAZ 2019 | 15580 | 08/24/2025 | 12/02/2024 | C-5 | Books | ||||
| Dewey Decimal Classification | JCC Rouf Library | JCC Rouf Library | General Stacks | 08/28/2019 | 286.00 | 13 | 540 HAZ 2019 | 15579 | 05/27/2025 | 05/27/2025 | C-6 | Books | 07/01/2025 | 2 |